Osmy hlavný hriech

Bibliographic Details
Main Author: Loetscher, Hugo (Author)
Other Authors: Kaľavský, Ján, 1948- (Translator)
Format: Article
Language:Slovak
PhysicalDescription:Fot. 1.
Subjects:

MARC

LEADER 00000nab a2200000 a 4500
001 vtls000345242
003 SK-MaSNL
005 20260303225811.0
008 140423c1989 xo 0 slo
015 |a SNBRB19rr/mm-uuuuu 
035 |a CL0345364 
040 |a SNKBUCL  |b slo  |c SNKBUCL  |e AACR2 
041 0 |a slo 
044 |a xo  |c SK 
080 |a 830 (494)-3  |2 1981 
100 1 |a Loetscher, Hugo  |4 aut  |9 1263117 
245 1 0 |a Osmy hlavný hriech  |c Hugo Loetscher ; Ján Kaľavský 
300 |b Fot. 1. 
500 |a Pod spoločným názvom Švajčiarske poviedky. 
650 0 7 |a poviedky psychologické  |2 snkbucl  |9 893883 
655 7 |a články z novín a časopisov  |2 snkbucl  |9 267496 
655 7 |a články z odboru literárna veda a krásna literatúra  |2 snkbucl  |9 770045 
700 1 |a Kaľavský, Ján,  |d 1948-  |4 trl  |9 246682 
773 0 |t Revue svetovej literatúry  |g Roč. 25, č. 2 (1989), s. 79-80 
850 |a Slovenská národná knižnica v Martine  |a MTA001 
852 |a SNK  |b KIS3GCP 
958 |a RK 
958 |a LX 
999 |c 2258635  |d 2260565